F1 2024 Season - Statistics

General Stats
  • This quiz has been taken 89 times
  • The average score is 21 of 24
Answer Stats
Pos. Driver Team Wins Podiums Starts Points % Correct
1 Max Verstappen Red Bull Racing 9 14 24 437
100%
3 Charles Leclerc Ferrari 3 13 24 356
99%
2 Lando Norris McLaren 4 13 24 374
99%
5 Carlos Sainz Ferrari 2 9 23 290
98%
4 Oscar Piastri McLaren 2 8 24 292
98%
7 Lewis Hamilton Mercedes 2 5 24 223
96%
9 Fernando Alonso Aston Martin 0 0 24 70
95%
14 Esteban Ocon Alpine 0 1 23 23
94%
10 Pierre Gasly Alpine 0 1 23 42
94%
8 Sergio Perez Red Bull Racing 0 4 24 152
94%
12 Yuki Tsunoda Racing Bulls 0 0 24 30
94%
6 George Russell Mercedes 2 4 24 245
93%
13 Lance Stroll Aston Martin 0 0 23 24
93%
11 Nico Hulkenberg Haas 0 0 24 41
93%
22 Valtteri Bottas Kick Sauber 0 0 24 0
90%
15 Kevin Magnussen Haas 0 0 22 16
89%
16 Alexander Albon Williams 0 0 23 12
86%
17 Daniel Ricciardo Racing Bulls 0 0 18 12
80%
21 Liam Lawson Racing Bulls 0 0 6 4
80%
19 Franco Colapinto Williams 0 0 9 5
79%
23 Logan Sargeant Williams 0 0 15 0
78%
18 Oliver Bearman Haas 0 0 3 7
76%
20 Zhou Guanyu Kick Sauber 0 0 24 4
71%
24 Jack Doohan Alpine 0 0 1 0
70%
No matching quizzes found
Score Distribution
Percent of People with Each Score
Percentile by Number Answered
Your Score History
You have not taken this quiz